[Event "COL-ch"]
[Site "Ibague"]
[Date "2013.07.07"]
[Round "11"]
[White "Torres Plaza, Jaime Alberto"]
[Black "Jaramillo, Carlos Orlando"]
[Result "1-0"]
[WhiteElo "2052"]
[BlackElo "1930"]
[PlyCount "92"]
[EventDate "2013.07.01"]
[EventType "swiss"]
[EventRounds "11"]
[EventCountry "COL"]
[SourceTitle "EXT 2014"]
[Source "ChessBase"]
[SourceDate "2013.11.20"]
[SourceVersion "1"]
[SourceVersionDate "2013.11.20"]
[SourceQuality "1"]

1. d4 Nf6 2. Nf3 b5 3. g3 Bb7 4. Bg2 e6 5. 0-0 d5 6. c3 Nbd7 7. Bg5 h6 8. Bc1 Ne4 9. Nbd2 Bd6 10. Qc2 0-0 11. Nxe4 dxe4 12. Ne5 Nxe5 13. dxe5 Bxe5 14. Bxe4 Bxe4 15. Qxe4 Bf6 16. Qg4 Kh7 17. e4 g6 18. f4 Qd3 19. f5 Rad8 20. Qh3 g5 21. fxe6 fxe6 22. Rxf6 Rxf6 23. Bxg5 Rdf8 24. Bxf6 Qe3+ 25. Kh1 Qxe4+ 26. Qg2 Qxg2+ 27. Kxg2 Rxf6 28. Rd1 Rf7 29. Re1 Re7 30. Re5 Rd7 31. Rxe6 Rd2+ 32. Kh3 Rxb2 33. Re7+ Kg6 34. Rxc7 a5 35. Rc5 h5 36. a4 b4 37. cxb4 axb4 38. a5 b3 39. a6 Ra2 40. Rc6+ Kf5 41. Rb6 b2 42. a7 Rxa7 43. Rxb2 Ra4 44. Kg2 Kg6 45. h4 Ra5 46. Rb6+ Kf5 1-0